UNIMARC Manual = UNIMARC manuál /
Gespeichert in:
| Weitere Verfasser: | |
|---|---|
| Format: | Buch |
| Sprache: | Slowakisch |
| Veröffentlicht: |
(Martin) :
Matica slovenská,
1994
|
| Ausgabe: | 1.vyd. |
| Schlagworte: | |
| Tags: |
Keine Tags, Fügen Sie das erste Tag hinzu!
|
MARC
| LEADER | 00000nam a22000003a 4500 | ||
|---|---|---|---|
| 001 | stu2928 | ||
| 005 | 20150617225616.0 | ||
| 008 | 960221s1994----xo------------------slo-d | ||
| 020 | |a 80-7090-127-6 | ||
| 040 | |a STU |b slo | ||
| 041 | 0 | |a slo | |
| 044 | |a xo | ||
| 080 | |a 025 | ||
| 080 | |a 681.32.07 | ||
| 080 | |a 025.3 |7 stu_us_auth*stu9964 | ||
| 100 | 1 | |a Holt, Brian P |4 com | |
| 245 | 1 | |a UNIMARC Manual = UNIMARC manuál / |c Edit. Holt,Brian P | |
| 250 | |a 1.vyd. | ||
| 260 | |a (Martin) : |b Matica slovenská, |c 1994 | ||
| 300 | |a 588 s | ||
| 650 | 7 | |a UNIMARC |2 stusub | |
| 996 | |b 284M025809 |c M*10166-1 |l MMKN |s A |a 24 |w stu2928_0001 | ||
| 996 | |b 284EB00347 |c E*Zs-858 |l EE01 |s P |a 0 |w stu2928_0002 | ||